Quiz dla GeoMexa o krajach Australii i Oceanii - Statystyki

Ogólne statystyki
  • Ten quiz został rozwiązany 16 razy
  • Średni wynik to 7 z 14
Statystyki odpowiedzi
Hint Odpowiedź % Poprawnych
Jest drugą największą wyspą świata. Papua-Nowa Gwinea
82%
Jest tu najdłuższy płot na świecie Australia
73%
Jako pierwszy na świecie dopuścił kobiety do wyborów parlamentalnych. Nowa Zelandia
73%
Jest jedynym państwem na świecie, które nie ma oficjalnej stolicy. Nieoficjalną jest Yaren. Nauru
64%
Motto kraju – „Bój się Boga i czcij Królową”. Fidżi
55%
.Podczas gdy kraj ten jest na 187 pozycji pod względem do wielkości na świecie, jego EEZ jest nieco większa niż Indie. Kiribati
55%
Jest tam tylko jedno miasto – Apia które jest stolicą. Samoa
55%
Jego nazwa oznacza ,,małe wyspy" Mikronezja
45%
Odbyła się tam 10 edycja popularnego amerykańskiego programu „Survivor”. Palau
45%
Cyklon Babe, który przeszedł przez atol Funafuti wyrzucił na jego powierzchnie masy żywych organizmów koralowych, co powiększyło wyspę aż o 30 %. Tuvalu
45%
W dniu 30 lipca 1980 r. kraj ten uzyskał niepodległość od Francji i Zjednoczonego Królestwa. Vanuatu
45%
W kraju tym jest 6,3% osób powyżej 15 roku życia, które nie potrafią czytać, ani pisać (około 3 457 osób). Wyspy Marshalla
45%
Niepodległość od Wielkiej Brytanii uzyskało w 1978 roku. Wyspy Salomona
36%
Palma kokosowa jest powszechną rośliną w tym kraju. Liście są wykorzystywane do produkcji domów, a orzechy są wykorzystywane do produkcji żywności i napojów. Tonga
27%
Nie znaleziono quizów pasujących do podanych kryteriów
Rozkład punktacji
Procent ludzi z każdym wynikiem
Percentyl według liczby udzielonych odpowiedzi
Twoja historia wyników
Nie rozwiązałeś tego quizu